Tres ensayos : (Record no. 166784)

MARC details
000 -LEADER
campo de control de longitud fija 00890nam a22002415i 4500
001 - NÚMERO DE CONTROL
campo de control 166784
003 - IDENTIFICADOR DE NÚMERO DE CONTROL
campo de control ES-MaACL
005 - FECHA Y HORA DE LA ÚLTIMA TRANSACCIÓN
campo de control 20230906213412.0
008 - DATOS DE LONGITUD FIJA--INFORMACIÓN GENERAL
campo de control de longitud fija 940301s1900 sp |||| | spa d
100 1# - ENTRADA PRINCIPAL--NOMBRE DE PERSONA
Nombre de persona Unamuno, Miguel de,
Fechas asociadas al nombre 1864-1936
9 (RLIN) 111982
245 10 - MENCIÓN DEL TÍTULO
Título Tres ensayos :
Resto del título ¡Adentro! ; La ideocracia ; La fe /
Mención de responsabilidad, etc. por Miguel de Unamuno.
260 ## - PUBLICACIÓN, DISTRIBUCIÓN, ETC.
Lugar de publicación, distribución, etc. Madrid :
Nombre del editor, distribuidor, etc. B. Rodríguez Serra,
Fecha de publicación, distribución, etc. 1900 (
Fabricante Imp. de A. Marzo)
300 ## - DESCRIPCIÓN FÍSICA
Extensión 70 p. ;
Dimensiones 18 cm.
530 ## - NOTA DISPONIBLE DE FORMULARIO FÍSICO ADICIONAL
Nota de formato físico adicional disponible Disponible en formato digital.
650 #4 - PUNTO DE ACCESO ADICIONAL DE MATERIA--TÉRMINO DE MATERIA
Término de materia o nombre geográfico como elemento de entrada Ideología.
9 (RLIN) 13544
650 #4 - PUNTO DE ACCESO ADICIONAL DE MATERIA--TÉRMINO DE MATERIA
Término de materia o nombre geográfico como elemento de entrada Fe.
9 (RLIN) 12734
740 12 - ENTRADA AGREGADA--TÍTULO RELACIONADO/ANALÍTICO NO CONTROLADO
Título relacionado o analítico no controlado ¡Adentro!
740 32 - ENTRADA AGREGADA--TÍTULO RELACIONADO/ANALÍTICO NO CONTROLADO
Título relacionado o analítico no controlado La ideocracia.
740 32 - ENTRADA AGREGADA--TÍTULO RELACIONADO/ANALÍTICO NO CONTROLADO
Título relacionado o analítico no controlado La fe.
852 ## - LOCALIZACIÓN
Ubicación ES-MaACL
Número de control de estantería T-457-F-5
Nota libre - Páginas sueltas
-- - Enc. hol., conservando cub. original
-- - Enc. en un vol. facticio
856 ## - LOCALIZACIÓN Y ACCESO ELECTRÓNICOS
Identificador Uniforme de Recursos <a href="http://bdh-rd.bne.es/viewer.vm?id=0000201027&page=1 ">http://bdh-rd.bne.es/viewer.vm?id=0000201027&page=1 </a>
Nota pública Biblioteca Digital Hispánica
Holdings
Estatus retirado Estado de pérdida Estado de daño No para préstamo Colección Biblioteca de origen Biblioteca actual Ubicación en estantería Fecha de adquisición Total de préstamos Signatura topográfica completa Código de barras Visto por última vez Precio de reemplazo Tipo de ítem Koha
        Colección de folletos Biblioteca del Ateneo de Madrid Biblioteca del Ateneo de Madrid Depósito folletos 17/01/2008   T-457-F-5 1174921 23/02/2023 23/02/2023 Folleto